| Registos Bibliográficos associados ao registo de autoridade |
|
Etiqueta de registo: 00254nam 2200025 450 001 2288597 003 http://id.bnportugal.gov.pt/bib/catbnp/2288597 100 ## $a20260623d2023 k y0pory01030103ba 101 0# $apor$deng 102 ## $aPT 105 ## $aa m 001yy 106 ## $ar 200 1# $aPalácio Azurara, museu de artes decorativas portuguesas$eazulejos e restauros$fCidália Maria Frutuoso Bento$gorient. Luís Jorge Rodrigues Gonçalves 210 #9 $aLisboa$c[s.n.],$d2023 215 ## $a2 v.$cil$d30 cm 328 #1 $aTese dout. Belas-Artes (Ciências da Arte e do Património), Faculdade de Belas-Artes
da Universidade de Lisboa, 2023 700 #1 $aBento,$bCidália Maria Frutuoso$32001383 702 #1 $aGonçalves,$bLuís Jorge,$f1962-$4727$3226044 801 #0 $aPT$bBN$gRPC 966 ## $lBN$mFGMON$x1 966 ## $lBN$mFGMON$x1 971 ## $cisantos$d20260623
|
|
|